Detalles MARC
| 000 -LIDER |
| fixed length control field |
01020nam a2200301 a 4500 |
| 001 - NÚMERO DE CONTROL |
| Identificador de número de control |
|
| 003 - IDENTIFICACDOR DE NÚMERO DE CONTROL |
| control field |
DO-SdBNP |
| 005 - DATE AND TIME OF LATEST TRANSACTION |
| control field |
20220504105612.0 |
| 008 - ELEMENTOS DE LONGITUD FIJA |
| fixed length control field |
091016s2004 pr 001 0 spa d |
| 020 ## - ISBN |
| International Standard Book Number |
978998800 |
| 020 ## - ISBN |
| International Standard Book Number |
9789972998805 |
| 040 ## - FUENTE DE CATALOGACIÓN |
| Agencia que crea de manera original el registro |
BPMSU |
| Idioma de catalogación |
spa |
| Agencia que realiza la transcripción |
BPMSU |
| 082 ## - NÚMERO DE CLASIFICACIÓN DECIMAL DE DEWEY |
| Classification number |
128.33 |
| Item number |
S464p 2004 |
| Edition number |
22 |
| 245 13 - MENCIÓN DE TITULO |
| Título |
Lo más selecto del pensamiento universal : |
| Subtítulo |
impactantes historias que, con sabiduría e inspiración, te conmoverán y motivaran de principio a fin / |
| Mención de responsabilidad |
Osho... [y otros] selección realizada por Alberto Briceño Polo |
| 246 15 - VARIACION DEL TÍTULO |
| Institución que aplica el campo |
Palabras que guían... |
| 260 ## - PUBLICACIÓN, DISTRIBUCIÓN, ETC. (PIE DE IMPRENTA) |
| Lugar de publicación, distribución, etc |
Lima, Perú : |
| Nombre del editor, distribuidor, etc. |
Los libros más Pequeños del Mundo, |
| Fecha de publicación, distribución, etc |
2004 |
| 300 ## - DESCRIPCIÓN FÍSICA |
| Extensión |
180 p. ; |
| Dimensiones |
21 cm. |
| 490 0# - MENCIÓN DE SERIES |
| Materiales especificados |
Libro tarjeta, |
| Volume/sequential designation |
5 |
| 500 ## - NOTA GENERAL |
| Materiales especificados |
Edición anual |
| 590 ## - NOTA LOCAL |
| Enlace |
Inventariado, 2022/VM |
| 650 #4 - ENCABEZAMIENTO DE MATERIA--TEMÁTICO |
| Término temático o nombre geográfico como elemento de entrada |
Filosofía |
| Subdivisión temática general |
Enseñanza. |
| 650 #4 - ENCABEZAMIENTO DE MATERIA--TEMÁTICO |
| Término temático o nombre geográfico como elemento de entrada |
Pensamiento |
| Subdivisión temática general |
Filosofia. |
| 650 #4 - ENCABEZAMIENTO DE MATERIA--TEMÁTICO |
| Término temático o nombre geográfico como elemento de entrada |
Razonamiento. |
| 700 1# - ASIENTO SECUNDARIO -- NOMBRE PERSONAL |
| Nombre personal |
Osho |
| 700 1# - ASIENTO SECUNDARIO -- NOMBRE PERSONAL |
| Nombre personal |
Briceño Polo, Alberto |
| Mención de responsabilidad |
compilador |
| 910 ## - VALIDACIÓN |
| Validación |
VMateo V. |
| 942 ## - ADDED ENTRY ELEMENTS (KOHA) |
| Source of classification or shelving scheme |
Dewey Decimal Classification |
| Koha item type |
Libros |